[Event "Muscat-ch op"]
[Site "Muscat"]
[Date "2024.12.31"]
[Round "9"]
[White "Nair, Aayush"]
[Black "Shaurya, Dinesh Sawlani"]
[Result "0-1"]
[WhiteElo "1635"]
[BlackElo "1830"]
[PlyCount "126"]
[EventDate "2024.12.26"]
[EventType "swiss"]
[EventRounds "9"]
[EventCountry "OMN"]
[SourceTitle "CB01_2025"]
[SourceDate "2025.01.01"]
[SourceVersion "1"]
[SourceVersionDate "2025.01.01"]
[SourceQuality "1"]

1. e4 c5 2. c3 d5 3. exd5 Qxd5 4. Nf3 e5 5. Bb5+ Bd7 6. Bxd7+ Nxd7 7. d3 Ne7 8. c4 Qc6 9. Nc3 f6 10. Be3 Nf5 11. Qa4 Qxa4 12. Nxa4 Bd6 13. g4 Nd4 14. Bxd4 exd4 15. b4 cxb4 16. Kd2 Be5 17. Rae1 0-0 18. Re4 a6 19. c5 Rfd8 20. Nxd4 Nxc5 21. Nxc5 Rxd4 22. Nxb7 Rxe4 23. dxe4 Bf4+ 24. Kc2 a5 25. h4 Ra7 26. Nd8 Rc7+ 27. Kb1 Rc4 28. Re1 Be5 29. Nb7 a4 30. Na5 Rc5 31. Nb7 Rc7 32. Nd8 b3 33. axb3 axb3 34. f4 Bxf4 35. Ne6 Bd2 36. Rd1 Re7 37. Rxd2 Rxe6 38. Rd4 Rb6 39. Kb2 Rb7 40. Rd3 Kf7 41. h5 Ke6 42. Rd4 Ke5 43. Ra4 Kf4 44. e5+ Kxe5 45. Ra5+ Kf4 46. Ra4+ Kg5 47. Rc4 g6 48. hxg6 hxg6 49. Ra4 f5 50. gxf5 gxf5 51. Ra8 f4 52. Rg8+ Kh4 53. Rh8+ Kg3 54. Rg8+ Kf2 55. Rg6 f3 56. Rh6 Kg2 57. Rg6+ Kf1 58. Rf6 f2 59. Re6 Rg7 60. Kxb3 Kg1 61. Rc6 f1Q 62. Rh6 Qf3+ 63. Kc2 Rg2+ 0-1

[Event "Muscat-ch op"]
[Site "Muscat"]
[Date "2024.12.27"]
[Round "2"]
[White "Al Busaidi, Hamood"]
[Black "Nair, Aayush"]
[Result "1-0"]
[WhiteElo "1890"]
[BlackElo "1635"]
[PlyCount "93"]
[EventDate "2024.12.26"]
[EventType "swiss"]
[EventRounds "9"]
[EventCountry "OMN"]
[SourceTitle "CB01_2025"]
[SourceDate "2025.01.01"]
[SourceVersion "1"]
[SourceVersionDate "2025.01.01"]
[SourceQuality "1"]

1. Nf3 Nf6 2. c4 e6 3. Nc3 d5 4. d4 Be7 5. g3 b6 6. cxd5 exd5 7. Bg2 Bb7 8. 0-0 0-0 9. Bf4 Nbd7 10. Rc1 c5 11. Qa4 cxd4 12. Nxd4 Nc5 13. Qc2 Rc8 14. Rfd1 Ne6 15. Be3 Ng4 16. Nf5 Nxe3 17. Nxe3 Bc5 18. Nexd5 Bxd5 19. Rxd5 Qf6 20. e3 Rfe8 21. Qa4 Nc7 22. Rd3 a5 23. Rcd1 Rcd8 24. Ne4 Qe7 25. Rd7 Rxd7 26. Rxd7 Qe5 27. Rxc7 Kf8 28. Qd7 Be7 29. Rc8 Bc5 30. Qxe8+ Qxe8 31. Rxe8+ Kxe8 32. Nxc5 bxc5 33. Kf1 Kd7 34. Ke2 Kd6 35. Kd3 f5 36. f4 Kc7 37. Kc4 Kb6 38. e4 fxe4 39. Bxe4 h6 40. a4 h5 41. f5 g5 42. fxg6 h4 43. g7 h3 44. g8Q Kc7 45. Kd5 c4 46. Qf7+ Kb6 47. Kd6 1-0